Statistiques concernant Liste des pays ayant une côte sur l'océan Atlantique

Cliquez ici pour prendre le quiz!

Statistiques générales

  • Ce quiz a été pris 468 fois
    (440 depuis la dernière actualisation)
  • Le résultat moyen est 41 sur 50

Statistiques - réponses

Réponse% Correct
Etats-Unis
98%
France
98%
Portugal
98%
Canada
97%
Maroc
97%
Brésil
96%
Espagne
96%
Irlande
94%
Sénégal
93%
Afrique du Sud
91%
Islande
91%
Royaume-Uni
91%
Argentine
89%
Côte d'Ivoire
88%
Guinée
88%
Mauritanie
87%
Angola
86%
Cuba
85%
Guyana
85%
Namibie
84%
Togo
84%
Bénin
83%
Cameroun
82%
Gambie
82%
Ghana
82%
Cap-Vert
81%
Guinée Equatoriale
81%
Guinée-Bissau
80%
Haiti
80%
République du Congo
80%
Suriname
80%
Uruguay
80%
Vénézuela
80%
Bahamas
79%
République Démocratique du Congo
79%
Gabon
78%
Libéria
77%
Norvège
77%
Sierra Leone
74%
République Dominicaine
73%
Barbade
72%
Nigéria
72%
Antigua et Barbuda
69%
Sainte-Lucie
69%
Saint-Vincent et les Grenadines
69%
São Tomé e Principe
69%
Dominique
68%
Grenade
64%
Saint-Christophe et Niévès
63%
Trinité-et-Tobago
61%

Distribution des résultats

Percentile par nombre de réponses

% des personnes avec chaque résultat

Votre développement - résultats

Vous n’avez pas pris ce quiz depuis la dernière actualisation